000 00699cam a2200193 4500500
005 20260111080323.0
041 _afre
042 _adc
100 1 0 _aLeveque, Franck
_eauthor
700 1 0 _aDumas, Camille
_eauthor
245 0 0 _aLa transformation du partenariat entre ordonnateur et comptable au service de la performance des hôpitaux publics
260 _c2019.
500 _a11
690 _acomptable public
690 _afinances sociales
690 _ahôpital public
786 0 _nGestion & Finances Publiques | 2 | 2 | 2019-03-01 | p. 39-44 | 1969-1009
856 4 1 _uhttps://droit.cairn.info/revue-gestion-et-finances-publiques-2019-2-page-39?lang=fr&redirect-ssocas=7080
999 _c1616142
_d1616142